000 00282nam a2200097Ia 4500
082 _a352.068 DEB
245 0 _aPlaaslike regering : die pad na demokrasie
100 _a South Africa Claremont, 2011 3rd ed
_942135
942 _cBK
008 210817s9999 xx 000 0 und d
999 _c184023
_d184022